000 00604nam a22001817a 4500
999 _c60967
_d60967
005 20231130122915.0
008 231130s1924 ru ||||| |||| 00| 0 rus d
041 _arus
080 _a821.7(37) П-30
100 _aПетроний, А.
_920526
245 _aСатирикон /
_cА. Петроний.
264 _aМосква :
_bГосиздат,
_c1924.
300 _a240 с.
_b21 см.
440 _aВсемирная литература
_920527
653 _aძველი რომაული პროზა
653 _aსატირიკონი
942 _2udc
_cᲬᲘᲒᲜᲘ